000 00914nam a22002297a 4500
005 20180704141433.0
008 180704b xxu||||| |||| 00| 0 eng d
010 _aHIN-81655
020 _a8179010473
_c100.00
035 _aHN-54001, A-925902
037 _bBPPD/PUB
082 _a
100 _aशेख़ सादी
245 _aशेख़ सादी की कहानियाँ/
_cशेख़ सादी
246 _aSheikh Sadi ke Khaniyian
_bby Sheikh Sadi
260 _aनई दिल्ली
_bसुयोग्य प्रकाशन
_c1997, 2007
270 _aW-116,ग्रेटर कैलाश-1
_bनई दिल्ली
_e110048
300 _a119पृ.;
_c22 सेमी (सजिल्द)
650 _aहिन्दी कहानियाँ
650 _aHindi Stories
942 _adpl
_cHN
_kक / सादिशे
_2ddc
_h
_mसादिशे
999 _c8700
_d8700